[Event "FICGS freestyle Cup 000003 email"]
[Site "FICGS email"]
[Date "2010.10.30"]
[Round "1"]
[White "Jacon, Marcel"]
[Black "Singh, Jai Prakash"]
[Result "0-1"]
[WhiteElo "1822"]
[BlackElo "1820"]
[PlyCount "66"]
[EventDate "2010.??.??"]
[EventType "tourn (corr)"]
[EventRounds "1"]
[SourceTitle "Corr 2013"]
[Source "ChessBase"]
[SourceDate "2012.11.12"]
[SourceVersion "1"]
[SourceVersionDate "2012.11.12"]
[SourceQuality "1"]

1. e4 c5 2. Nf3 d6 3. d4 cxd4 4. Nxd4 Nf6 5. Nc3 a6 6. Be2 e6 7. Be3 Qc7 8. Qd2 b5 9. f3 Nbd7 10. a3 Be7 11. 0-0-0 0-0 12. g4 Nb6 13. g5 Nfd7 14. f4 Re8 15. Rhf1 g6 16. h4 d5 17. Nb3 Nc4 18. Bxc4 dxc4 19. Nd4 b4 20. h5 bxc3 21. Qxc3 gxh5 22. f5 Bd6 23. fxe6 fxe6 24. Nf3 Rf8 25. g6 hxg6 26. Rg1 Bg3 27. Nh4 Ne5 28. Bb6 Bf4+ 29. Kb1 Qh7 30. Be3 Ng4 31. Bxf4 Rxf4 32. Rd8+ Rf8 33. Rxf8+ Kxf8 0-1

[Event "FICGS freestyle Cup 000003 email"]
[Site "FICGS email"]
[Date "2010.10.30"]
[Round "1"]
[White "Perikov, Yuriy"]
[Black "Singh, Jai Prakash"]
[Result "1-0"]
[WhiteElo "2112"]
[BlackElo "1885"]
[PlyCount "141"]
[EventDate "2010.??.??"]
[EventType "tourn (corr)"]
[EventRounds "1"]
[SourceTitle "Corr 2013"]
[Source "ChessBase"]
[SourceDate "2012.11.12"]
[SourceVersion "1"]
[SourceVersionDate "2012.11.12"]
[SourceQuality "1"]

1. e4 c5 2. Nf3 d6 3. d4 cxd4 4. Nxd4 Nf6 5. Nc3 a6 6. f3 e5 7. Nb3 Be6 8. Be3 Be7 9. a3 Nbd7 10. Qd2 b5 11. g4 h6 12. 0-0-0 Qc7 13. Nd5 Bxd5 14. exd5 Nb6 15. Bxb6 Qxb6 16. h4 a5 17. Kb1 Kf8 18. Rh2 Kg8 19. Rg2 Ra7 20. f4 a4 21. Nc1 b4 22. axb4 a3 23. fxe5 axb2 24. Nb3 dxe5 25. c3 Rd7 26. Bc4 Rc7 27. Qe2 Bxb4 28. g5 hxg5 29. hxg5 Ne8 30. Qxe5 Rxc4 31. Qxe8+ Bf8 32. g6 Rf4 33. gxf7+ Rxf7 34. Qe6 Qxe6 35. dxe6 Re7 36. Re2 Re8 37. Kxb2 g5 38. Nd4 Rh6 39. Rg1 Rg6 40. Kb3 Bc5 41. Rge1 g4 42. Kc4 Rc8 43. Kd5 Ba3 44. e7 Rg5+ 45. Ke6 Bxe7 46. Kxe7 Rxc3 47. Kf6 Rg7 48. Re8+ Kh7 49. R8e7 Rxe7 50. Rxe7+ Kg8 51. Rg7+ Kh8 52. Rxg4 Rh3 53. Nf5 Rf3 54. Rd4 Rf2 55. Kg6 Rg2+ 56. Kf7 Rh2 57. Rf4 Kh7 58. Ne7 Kh6 59. Rf5 Rg2 60. Ng8+ Rxg8 61. Kxg8 Kg6 62. Rf7 Kg5 63. Kh7 Kh4 64. Kg6 Kh3 65. Kf5 Kg3 66. Kg5 Kh3 67. Kf4 Kg2 68. Kg4 Kh1 69. Rf2 Kg1 70. Kg3 Kh1 71. Rf1# 1-0

[Event "FICGS freestyle Cup 000003 email"]
[Site "FICGS email"]
[Date "2010.10.30"]
[Round "1"]
[White "Singh, Jai Prakash"]
[Black "Nichols, Scott"]
[Result "1/2-1/2"]
[WhiteElo "1802"]
[BlackElo "2220"]
[PlyCount "48"]
[EventDate "2010.??.??"]
[EventType "tourn (corr)"]
[EventRounds "1"]
[SourceTitle "Corr 2013"]
[Source "ChessBase"]
[SourceDate "2012.11.12"]
[SourceVersion "1"]
[SourceVersionDate "2012.11.12"]
[SourceQuality "1"]

1. e4 c5 2. Nf3 d6 3. d4 cxd4 4. Nxd4 Nf6 5. Nc3 g6 6. Be3 Bg7 7. f3 0-0 8. Qd2 Nc6 9. 0-0-0 d5 10. exd5 Nxd5 11. Nxc6 bxc6 12. Nxd5 cxd5 13. Qxd5 Qc7 14. Qc5 Qb7 15. c3 Rb8 16. Qa3 Bf5 17. Bc4 a5 18. Rd5 Rfc8 19. Rb5 Qc7 20. Rc5 Qb7 21. Bd5 Qa6 22. Bc4 Qb7 23. Bd5 Qa6 24. Bc4 Qb7 1/2-1/2